000 00382nam a22001577a 4500
005 20180412142904.0
008 160429b xxu||||| |||| 00| 0 eng d
041 _aeng
082 _b00959
_a348
100 _aBangia, R.K.
_9533
245 _aNegotiable instruments Act.
260 _aHaryana
_bAllahabad law agency
_c2004
300 _a183
650 _aManagement
_9241
942 _cBK
999 _c328
_d328